| 000 | 00000nam 2200000za 4500 |
| 001 | 9.854763 |
| 003 | CaOODSP |
| 005 | 20221107155135 |
| 007 | cr ||||||||||| |
| 008 | 180405s2016 quc o f000 0 fre d |
| 020 | |a9780660261522 |
| 040 | |aCaOODSP|bfre |
| 041 | |afre|beng |
| 043 | |an-cn--- |
| 086 | 1 |aSC103-29/5-2016F-PDF |
| 245 | 00|aC258 - préparation à l'évaluation du français langue seconde, expression écrite 3 et 4 |h[ressource électronique]. |
| 246 | 30|aPréparation à l'évaluation du français langue seconde, expression écrite 3 et 4 |
| 260 | |a[Gatineau, QC] : |bÉcole de la fonction publique du Canada, Direction générale des programmes d'apprentissage, Formation linguistique, Développement de produits, |c2016. |
| 300 | |avi, 99 p. |
| 500 | |aTitre de la couv. |
| 500 | |a« Avril 2016. » |
| 546 | |aComprend du texte en anglais. |
| 692 | 07|2gccst|aFrançais langue seconde |
| 692 | 07|2gccst|aÉvaluation de la langue seconde |
| 692 | 07|2gccst|aMatériel didactique |
| 710 | 2 |aÉcole de la fonction publique du Canada. |bDéveloppement de produits. |
| 795 | |tC258 - Préparation à l'évaluation du français langue seconde. |w(CaOODSP)9.801017 |
| 856 | 40|qPDF|s1.03 Mo|uhttps://publications.gc.ca/collections/collection_2018/efpc-csps/SC103-29-5-2016-fra.pdf |